[Event "Venezia Province-ch 83rd"]
[Site "Campalto"]
[Date "2024.02.02"]
[Round "1"]
[White "Catani, Lorenzo"]
[Black "Scandiuzzi, Roberto"]
[Result "1-0"]
[WhiteElo "1587"]
[BlackElo "1167"]
[PlyCount "47"]
[EventDate "2024.02.02"]
[EventType "swiss"]
[EventRounds "5"]
[EventCountry "ITA"]
[SourceTitle "EXT 2025"]
[Source "ChessBase"]
[SourceDate "2024.10.14"]
[SourceVersion "1"]
[SourceVersionDate "2024.10.14"]
[SourceQuality "1"]

1. e4 d6 2. d4 e5 3. dxe5 dxe5 4. Qxd8+ Kxd8 5. Nc3 Bb4 6. Bd2 c6 7. 0-0-0 Kc7 8. Nb5+ cxb5 9. Bxb4 a6 10. Bd6+ Kb6 11. Bxe5 Nc6 12. Bxg7 Nge7 13. Bxh8 Be6 14. Bd4+ Nxd4 15. Rxd4 Nc6 16. Rd1 Nb4 17. a3 Nc6 18. f4 f5 19. Rd6 Re8 20. e5 Kc7 21. Nf3 Na7 22. Ng5 Bg8 23. Bd3 Nc8 24. Rf6 1-0